=LDR 00000nam 2200000 4500 =001 NUTBA000000000001860 =005 20140522084835.0 =006 =007 =008 =020 ##$$a 979-28-033-9 =035 ##$$a 0010-051400000000325 =040 ##$$a NBPDMAT =082 ##$$a 793.3 =090 ##$$a 793.3 $b Ari k =100 ##$$a Ari Subekti =245 ##$$a Keragaman tari nusantara / $c Ari Subekti =250 ##$$a Ed.1 =260 ##$$a Klaten : $b Intan Pariwara, $c 2008 =300 ##$$a iv, 52 hlm. : $b ilus. ; $c 21 cm. =500 ##$$a Bibliografi : hlm. 52 =650 ##$$a Tarian - Rakyat =850 ##$$a NBPDMAT =990 ##$$a 21400662 =990 ##$$a 21400613/BPAP-NTB/20142014 =990 ##$$a 21400613/BPAP-NTB/20142014 =990 ##$$a 21400613/BPAP-NTB/20142014 =990 ##$$a 21400613/BPAP-NTB/20142014 =990 ##$$a 21400613/BPAP-NTB/20142014 =990 ##$$a 21400613/BPAP-NTB/20142014 =990 ##$$a 21400613/BPAP-NTB/20142014